[Event "FRM-chT 30th"]
[Site "Struga"]
[Date "2022.10.14"]
[Round "1.6"]
[White "Lozanovski, Andrej"]
[Black "Nikoloski, Kire"]
[Result "0-1"]
[WhiteElo "1199"]
[BlackElo "2174"]
[PlyCount "70"]
[EventDate "2022.10.14"]
[EventType "team-tourn"]
[EventRounds "7"]
[EventCountry "MKD"]
[SourceTitle "CBM 210 Extra"]
[Source "ChessBase"]
[SourceDate "2022.11.30"]
[SourceVersion "1"]
[SourceVersionDate "2022.11.30"]
[SourceQuality "1"]
[WhiteTeam "Bitola Patako"]
[BlackTeam "Prilep"]
[WhiteTeamCountry "MKD"]
[BlackTeamCountry "MKD"]

1. d4 e6 2. Bf4 f5 3. e3 Nf6 4. Nf3 d5 5. c4 c6 6. Nc3 Bd6 7. Be2 0-0 8. 0-0 Ne4 9. Qc2 Nd7 10. Rab1 Qe7 11. Bxd6 Nxd6 12. c5 Nf7 13. b4 e5 14. b5 g5 15. bxc6 bxc6 16. Qa4 Qf6 17. Rb4 g4 18. Nd2 exd4 19. exd4 Ng5 20. Rfb1 f4 21. Bxg4 Nxc5 22. Nxd5 cxd5 23. dxc5 Bxg4 24. Qb3 Be6 25. Nf3 Rac8 26. Rb7 d4 27. Qc2 Nxf3+ 28. gxf3 Rf7 29. c6 Qg6+ 30. Qxg6+ hxg6 31. Re1 Bd5 32. Rb4 Bxf3 33. Rxd4 Rxc6 34. Rd3 Re7 35. Rd8+ Kf7 0-1

[Event "FRM-chT 29th"]
[Site "Struga"]
[Date "2021.08.21"]
[Round "7"]
[White "Danchevski, Orce"]
[Black "Nikoloski, Kire"]
[Result "1/2-1/2"]
[WhiteElo "2329"]
[BlackElo "2154"]
[PlyCount "103"]
[EventDate "2021.08.15"]
[EventType "team-tourn"]
[EventRounds "7"]
[EventCountry "MKD"]
[SourceTitle "CBM 203 Extra"]
[Source "ChessBase"]
[SourceDate "2021.09.30"]
[SourceVersion "1"]
[SourceVersionDate "2021.09.30"]
[SourceQuality "1"]
[WhiteTeam "Skopje Gambit Asseko"]
[BlackTeam "Prilep"]
[WhiteTeamCountry "MKD"]
[BlackTeamCountry "MKD"]

1. c4 c5 2. Nf3 Nf6 3. d4 cxd4 4. Nxd4 Nc6 5. Nc3 d6 6. e4 g6 7. Be2 Bg7 8. Be3 a6 9. Qd2 Bd7 10. f3 Rc8 11. Rc1 0-0 12. 0-0 Nxd4 13. Bxd4 Be6 14. Nd5 Nd7 15. Bf2 Ne5 16. f4 Nc6 17. Bb6 Qd7 18. h3 f5 19. exf5 Bxf5 20. Bf3 e5 21. Bf2 Rce8 22. Nb6 Qc7 23. Bd5+ Kh8 24. g4 Bc8 25. Nxc8 Qxc8 26. fxe5 dxe5 27. Be3 Nd4 28. Qg2 Re7 29. Rxf8+ Qxf8 30. Bxb7 e4 31. Bd5 Qf3 32. Qxf3 Nxf3+ 33. Kf1 Bxb2 34. Rb1 Bd4 35. Ke2 Kg7 36. Rb8 Ng1+ 37. Bxg1 Bxg1 38. Ra8 Ba7 39. g5 h6 40. h4 hxg5 41. hxg5 a5 42. Rg8+ Kh7 43. Rc8 Bd4 44. Rc6 Re5 45. Ra6 Rxg5 46. Bxe4 Bc3 47. Kf3 Kg7 48. Rb6 Bb4 49. Bd3 Kf7 50. Rb7+ Ke6 51. Rb6+ Bd6 52. Rb5 1/2-1/2

[Event "FRM-chT 29th"]
[Site "Struga"]
[Date "2021.08.17"]
[Round "3"]
[White "Nikoloski, Kire"]
[Black "Stefanovski, Dushan"]
[Result "1-0"]
[WhiteElo "2154"]
[BlackElo "2264"]
[PlyCount "79"]
[EventDate "2021.08.15"]
[EventType "team-tourn"]
[EventRounds "7"]
[EventCountry "MKD"]
[SourceTitle "CBM 203 Extra"]
[Source "ChessBase"]
[SourceDate "2021.09.30"]
[SourceVersion "1"]
[SourceVersionDate "2021.09.30"]
[SourceQuality "1"]
[WhiteTeam "Prilep"]
[BlackTeam "Gostivar"]
[WhiteTeamCountry "MKD"]
[BlackTeamCountry "MKD"]

1. e4 c5 2. Nf3 e6 3. d4 cxd4 4. Nxd4 Nc6 5. g3 Nf6 6. Bg2 a6 7. 0-0 Qc7 8. Nc3 Nxd4 9. Qxd4 Bc5 10. Qd3 h6 11. Bf4 d6 12. Na4 e5 13. Nxc5 dxc5 14. Be3 Ng4 15. Bd2 Be6 16. a4 0-0 17. Qe2 c4 18. a5 Rfd8 19. Bc3 Re8 20. h3 Nf6 21. f4 exf4 22. gxf4 Qc5+ 23. Rf2 Bxh3 24. Bxf6 Bxg2 25. Qg4 g6 26. Qxg2 Qe3 27. e5 Kh7 28. Qxb7 Ra7 29. Qf3 Qd4 30. c3 Qc5 31. Kg2 Rd7 32. Rd1 Rxd1 33. Qxd1 Qxa5 34. Qd7 Rf8 35. Be7 Rg8 36. Bb4 Qb6 37. Qxf7+ Rg7 38. Qd5 Qc7 39. e6 g5 40. f5 1-0

[Event "Skopje U2200 op"]
[Site "Skopje"]
[Date "2017.12.09"]
[Round "5"]
[White "Gotovusa, Goran"]
[Black "Nikoloski, Kire"]
[Result "0-1"]
[WhiteElo "2176"]
[BlackElo "2115"]
[PlyCount "44"]
[EventDate "2017.12.07"]
[EventType "swiss"]
[EventRounds "7"]
[EventCountry "MKD"]
[SourceTitle "CBM 182 Extra"]
[Source "ChessBase"]
[SourceDate "2018.02.23"]
[SourceVersion "1"]
[SourceVersionDate "2018.02.23"]
[SourceQuality "1"]

1. d4 d5 2. c4 e6 3. Nc3 c6 4. Nf3 f5 5. Bg5 Be7 6. h4 Nf6 7. e3 0-0 8. Bd3 Ne4 9. Bf4 Nd7 10. g3 Ndf6 11. Qc2 Ng4 12. 0-0 Bd6 13. Ne2 Bd7 14. Bxe4 fxe4 15. Nh2 Bxf4 16. exf4 Nf6 17. c5 Be8 18. Nc3 Bh5 19. Nd1 Ng4 20. Ne3 Nxh2 21. Kxh2 Rxf4 22. Ng2 Rf7 0-1

[Event "Skopje U2200 op"]
[Site "Skopje"]
[Date "2017.12.09"]
[Round "4"]
[White "Nikoloski, Kire"]
[Black "Stanojevic, Ilija"]
[Result "0-1"]
[WhiteElo "2115"]
[BlackElo "2072"]
[PlyCount "41"]
[EventDate "2017.12.07"]
[EventType "swiss"]
[EventRounds "7"]
[EventCountry "MKD"]
[SourceTitle "CBM 182 Extra"]
[Source "ChessBase"]
[SourceDate "2018.02.23"]
[SourceVersion "1"]
[SourceVersionDate "2018.02.23"]
[SourceQuality "1"]

1. e4 e6 2. d4 d5 3. exd5 exd5 4. Bd3 Nc6 5. c3 Bd6 6. Ne2 Bg4 7. f3 Bh5 8. Nf4 Bg6 9. Nxd5 Qh4+ 10. Kf1 0-0-0 11. Be3 Bg3 12. c4 Nf6 13. Nbc3 Rhe8 14. Bxg6 hxg6 15. Qd2 Rxe3 16. Qxe3 Nxd4 17. hxg3 Qxh1+ 18. Qg1 Qxg1+ 19. Kxg1 Nxd5 20. Nxd5 c6 21. Nc3 0-1

[Event "FRM-chT 16th"]
[Site "Ohrid"]
[Date "2017.07.25"]
[Round "2.3"]
[White "Petrov, Saravco"]
[Black "Nikoloski, Kire"]
[Result "1-0"]
[WhiteElo "2123"]
[BlackElo "2152"]
[PlyCount "73"]
[EventDate "2017.07.24"]
[EventType "team-tourn"]
[EventRounds "5"]
[EventCountry "MKD"]
[SourceTitle "CBM 179 Extra"]
[Source "ChessBase"]
[SourceDate "2017.08.23"]
[SourceVersion "1"]
[SourceVersionDate "2017.08.23"]
[SourceQuality "1"]
[WhiteTeam "Skopje Karposh"]
[BlackTeam "Prilep"]
[WhiteTeamCountry "MKD"]
[BlackTeamCountry "MKD"]

1. e4 e6 2. d4 d5 3. e5 c5 4. c3 Nc6 5. Nf3 Qb6 6. a3 a5 7. a4 Bd7 8. Be2 Rc8 9. 0-0 g6 10. Bb5 cxd4 11. Bxc6 bxc6 12. cxd4 c5 13. Nc3 h5 14. Ne2 Nh6 15. dxc5 Bxc5 16. Ned4 Ng4 17. Re1 Kf8 18. h3 Nh6 19. Re2 Kg7 20. Bg5 Ng8 21. Qd2 Qb4 22. Qf4 Be7 23. h4 Nh6 24. Bf6+ Bxf6 25. exf6+ Kf8 26. b3 Nf5 27. Qe5 Qd6 28. Nxf5 Qxe5 29. Nxe5 gxf5 30. Nxd7+ Ke8 31. Ne5 Rh6 32. b4 axb4 33. a5 Rxf6 34. a6 Rh6 35. a7 Ra8 36. Rb2 f6 37. Rxb4 1-0

[Event "FRM-chT 24th"]
[Site "Struga"]
[Date "2015.07.23"]
[Round "4"]
[White "Nikoloski, Kire"]
[Black "Ranic, Viktor"]
[Result "1/2-1/2"]
[WhiteElo "2141"]
[BlackElo "1928"]
[PlyCount "95"]
[EventDate "2015.07.20"]
[EventType "team-tourn"]
[EventRounds "7"]
[EventCountry "MKD"]
[SourceTitle "CBM 167 Extra"]
[Source "ChessBase"]
[SourceDate "2015.09.14"]
[SourceVersion "1"]
[SourceVersionDate "2015.09.14"]
[SourceQuality "1"]
[WhiteTeam "Prilep"]
[BlackTeam "Skopje Karposh"]
[WhiteTeamCountry "MKD"]
[BlackTeamCountry "MKD"]

1. e4 d5 2. exd5 Qxd5 3. Nc3 Qd6 4. d4 Nf6 5. g3 c6 6. Bg2 Bg4 7. Nf3 e6 8. 0-0 Be7 9. h3 Bh5 10. Bf4 Qd8 11. Qd2 0-0 12. Ne5 Nbd7 13. g4 Bg6 14. Nxg6 hxg6 15. Ne2 Nb6 16. c3 Nfd5 17. Bg3 Bd6 18. Rfe1 Qc7 19. Rac1 Nc4 20. Qc2 Bxg3 21. Nxg3 Nce3 22. fxe3 Qxg3 23. Qf2 Qxf2+ 24. Kxf2 g5 25. Ke2 Rac8 26. Rf1 Rc7 27. Rf2 Ne7 28. Be4 c5 29. dxc5 Rxc5 30. Rd1 Rc7 31. Rd4 b6 32. Rf1 g6 33. Rfd1 Kg7 34. Rd8 Rxd8 35. Rxd8 Kf6 36. Rd4 Ke5 37. Bf3 Nc8 38. a4 Nd6 39. Kd3 a5 40. b4 Rc8 41. Bg2 f5 42. gxf5 gxf5 43. Bf3 Rh8 44. Bg2 Rh7 45. Ke2 Rc7 46. Kd3 Rc8 47. Bf3 Rh8 48. Bg2 1/2-1/2

[Event "FRM-chT 24th"]
[Site "Struga"]
[Date "2015.07.20"]
[Round "1"]
[White "Kalcovski, Lazar"]
[Black "Nikoloski, Kire"]
[Result "0-1"]
[WhiteElo "1951"]
[BlackElo "2141"]
[PlyCount "114"]
[EventDate "2015.07.20"]
[EventType "team-tourn"]
[EventRounds "7"]
[EventCountry "MKD"]
[SourceTitle "CBM 167 Extra"]
[Source "ChessBase"]
[SourceDate "2015.09.14"]
[SourceVersion "1"]
[SourceVersionDate "2015.09.14"]
[SourceQuality "1"]
[WhiteTeam "Bitola Noemvri"]
[BlackTeam "Prilep"]
[WhiteTeamCountry "MKD"]
[BlackTeamCountry "MKD"]

1. d4 d5 2. f4 Nf6 3. e3 Bg4 4. Be2 h5 5. Nf3 e6 6. 0-0 c5 7. c3 Bxf3 8. Bxf3 Nc6 9. b3 Bd6 10. Bb2 Qc7 11. a3 Ne7 12. b4 cxd4 13. cxd4 Nf5 14. Qd2 g5 15. Rc1 Qb8 16. g3 gxf4 17. gxf4 Ng4 18. Bxg4 hxg4 19. Qe2 Ke7 20. Nd2 Qg8 21. Nf1 g3 22. hxg3 Nxg3 23. Qg2 Ne2+ 24. Kf2 Qxg2+ 25. Kxg2 Rag8+ 26. Kf2 Nxc1 27. Rxc1 Rh1 28. Bc3 Rgg1 29. Re1 Kd7 30. a4 Be7 31. Ra1 Bh4+ 32. Ke2 Rg2+ 33. Kd3 Bf2 34. Bd2 Bg3 35. Bc3 Rh3 36. Nxg3 Rhxg3 37. b5 Rg1 38. Ra3 R3g2 39. Bd2 Rd1 40. Ra2 b6 41. Kc3 Rb1 42. Kc2 Re1 43. Kd3 Rd1 44. Kc3 Ke7 45. Kd3 Kf6 46. Kc3 Kf5 47. Kd3 Kg4 48. Rc2 f5 49. Ra2 Kf3 50. Rc2 Re2 51. Kc3 Ke4 52. Ra2 Rh1 53. a5 Rhh2 54. axb6 axb6 55. Rc2 Rxe3+ 56. Kb2 Ree2 57. Kc3 Rxd2 0-1

[Event "FRM-chT 23rd"]
[Site "Struga"]
[Date "2014.07.16"]
[Round "3.3"]
[White "Nikoloski, Kire"]
[Black "Semsiu, Agim"]
[Result "1/2-1/2"]
[WhiteElo "2151"]
[BlackElo "2044"]
[PlyCount "20"]
[EventDate "2014.07.14"]
[EventType "team-tourn"]
[EventRounds "5"]
[EventCountry "MKD"]
[SourceTitle "CBM 161 Extra"]
[Source "ChessBase"]
[SourceDate "2014.08.29"]
[SourceVersion "1"]
[SourceVersionDate "2014.08.29"]
[SourceQuality "1"]
[WhiteTeam "Prilep"]
[BlackTeam "Kumanovo"]
[WhiteTeamCountry "MKD"]
[BlackTeamCountry "MKD"]

1. e4 d6 2. d4 Nf6 3. Nc3 Nbd7 4. f4 e5 5. Nf3 exd4 6. Nxd4 Nc5 7. Bd3 Bg4 8. Nf3 Be7 9. 0-0 Nxd3 10. cxd3 0-0 1/2-1/2

[Event "FRM-chT 22nd"]
[Site "Struga"]
[Date "2013.07.31"]
[Round "3.4"]
[White "Nikoloski, Kire"]
[Black "Bogdanovski, Vlatko"]
[Result "0-1"]
[WhiteElo "2156"]
[BlackElo "2435"]
[PlyCount "90"]
[EventDate "2013.07.29"]
[EventType "team-tourn"]
[EventRounds "7"]
[EventCountry "MKD"]
[SourceTitle "CBM 155 Extra"]
[Source "ChessBase"]
[SourceDate "2013.08.26"]
[SourceVersion "1"]
[SourceVersionDate "2013.08.26"]
[SourceQuality "1"]
[WhiteTeam "Prilep"]
[BlackTeam "Skopje Alkaloid"]
[WhiteTeamCountry "MKD"]
[BlackTeamCountry "MKD"]

1. e4 c5 2. Nf3 Nc6 3. c4 e5 4. g3 g6 5. Bg2 Bg7 6. Nc3 d6 7. d3 Nge7 8. Nd5 0-0 9. 0-0 Rb8 10. Ne1 b5 11. b3 bxc4 12. Nxe7+ Qxe7 13. bxc4 Be6 14. Bd2 Qb7 15. Bc3 Qa6 16. Nc2 Nd4 17. Qd2 Qa4 18. Nxd4 cxd4 19. Ba5 Rb7 20. Rfb1 Rfb8 21. Rxb7 Rxb7 22. a3 Bh6 23. f4 exf4 24. gxf4 Bxf4 25. Qxf4 Qxa5 26. Qxd6 Rd7 27. Qb8+ Rd8 28. Qb4 Qg5 29. Qe1 Rb8 30. Qg3 Qd8 31. Qe5 Rb2 32. Rc1 Qh4 33. Qxd4 Rxg2+ 34. Kxg2 Qg5+ 35. Kf2 Qf4+ 36. Kg2 Qxc1 37. Qd8+ Kg7 38. Qd4+ Kh6 39. Qd6 Qd2+ 40. Kf3 Kh5 41. h3 g5 42. c5 g4+ 43. hxg4+ Bxg4+ 44. Kg3 Qe3+ 45. Kg2 Bf3+ 0-1

[Event "FRM-chT 21st"]
[Site "Struga"]
[Date "2012.07.21"]
[Round "6.6"]
[White "Andonovski, Ljubisa"]
[Black "Nikoloski, Kire"]
[Result "1/2-1/2"]
[WhiteElo "2275"]
[BlackElo "2133"]
[PlyCount "137"]
[EventDate "2012.07.16"]
[EventType "team-tourn"]
[EventRounds "7"]
[EventCountry "MKD"]
[SourceTitle "CBM 149 Extra"]
[Source "ChessBase"]
[SourceDate "2012.08.24"]
[SourceVersion "1"]
[SourceVersionDate "2012.08.24"]
[SourceQuality "1"]
[WhiteTeam "Skopje Aseko See"]
[BlackTeam "Prilep"]
[WhiteTeamCountry "MKD"]
[BlackTeamCountry "MKD"]

1. d4 e6 2. c4 d5 3. Nf3 Nf6 4. g3 c6 5. Qc2 Bd6 6. Nbd2 Nbd7 7. Bg2 0-0 8. 0-0 Re8 9. e4 Nxe4 10. Nxe4 dxe4 11. Qxe4 e5 12. dxe5 Nxe5 13. Ng5 f5 14. Qc2 Be7 15. Rd1 Qa5 16. Bf4 Bf6 17. c5 Bxg5 18. Bxg5 Be6 19. Bf4 Nd7 20. Bd6 Nf6 21. a3 Qb5 22. b4 Qc4 23. Qb2 Qb3 24. Be5 Qxb2 25. Bxb2 Ne4 26. f3 Ng5 27. h4 Nf7 28. Bh3 Rad8 29. Rxd8 Nxd8 30. Re1 Kf8 31. Bf1 a6 32. Kf2 Bf7 33. Rxe8+ Bxe8 34. Bd3 Bd7 35. Ke3 g6 36. Kf4 Ke7 37. Be5 Ne6+ 38. Ke3 Kf7 39. Bc4 h5 40. Be2 Nf8 41. Bd6 Ne6 42. Be5 Nf8 43. Kd4 Be6 44. Bd6 Nd7 45. a4 Bd5 46. b5 axb5 47. axb5 Ke6 48. b6 Nxb6 49. g4 hxg4 50. fxg4 Nd7 51. gxf5+ Kxf5 52. Bd3+ Kf6 53. Bc7 Nf8 54. Be5+ Kf7 55. Bd6 Nd7 56. Bc7 Be6 57. Bd8 Bf5 58. Bc4+ Be6 59. Bd3 Bd5 60. Bg5 Ba2 61. Be4 Be6 62. Bd3 Bd5 63. Bc2 b6 64. cxb6 Nxb6 65. Bd1 Nd7 66. h5 Nf8 67. hxg6+ Kxg6 68. Be7 Ne6+ 69. Ke5 1/2-1/2

[Event "FRM-chT 20th"]
[Site "Struga"]
[Date "2011.08.13"]
[Round "6"]
[White "Vladimirov, Vladimir"]
[Black "Nikoloski, Kire"]
[Result "1-0"]
[WhiteElo "2162"]
[BlackElo "2130"]
[PlyCount "115"]
[EventDate "2011.08.08"]
[EventType "team-tourn"]
[EventRounds "7"]
[EventCountry "MKD"]
[SourceTitle "CBM 143 Extra"]
[Source "ChessBase"]
[SourceDate "2011.08.29"]
[SourceVersion "1"]
[SourceVersionDate "2011.08.29"]
[SourceQuality "1"]
[WhiteTeam "Skopje Milenium"]
[BlackTeam "Prilep"]
[WhiteTeamCountry "MKD"]
[BlackTeamCountry "MKD"]

1. g3 e5 2. c4 d6 3. Bg2 c5 4. Nc3 Nc6 5. Nf3 Be6 6. d3 h6 7. 0-0 Qd7 8. a3 Bh3 9. Bxh3 Qxh3 10. Nd5 Qd7 11. b4 g6 12. Rb1 b6 13. Qa4 Rc8 14. Bb2 Bg7 15. Kg2 Nge7 16. Nxe7 Qxe7 17. Nd2 0-0 18. Ne4 f5 19. Nc3 Rf7 20. Nd5 Qb7 21. e4 cxb4 22. axb4 fxe4 23. dxe4 Ne7 24. Rbc1 b5 25. Qxb5 Nxd5 26. Qxd5 Qxb4 27. Bc3 Qb7 28. Rfd1 Rc5 29. Qxb7 Rxb7 30. Rxd6 Rxc4 31. Bd2 Rd4 32. Rcc6 Rb6 33. Rxb6 axb6 34. Rxd4 exd4 35. Kf3 h5 36. Ke2 Kf7 37. Kd3 Ke6 38. f4 Kd6 39. Bb4+ Ke6 40. Ba3 Bh8 41. Bb2 Bf6 42. Bxd4 Bd8 43. Kc4 Be7 44. Bxb6 Ba3 45. Kd3 Bc1 46. Be3 Ba3 47. Ke2 Bb4 48. Bd4 Bd6 49. Kf3 Bc7 50. h3 Bd6 51. g4 hxg4+ 52. hxg4 Bb4 53. f5+ gxf5 54. gxf5+ Kf7 55. e5 Ba3 56. Ke4 Bb4 57. Kd5 Ba3 58. e6+ 1-0

[Event "FRM-chT 20th"]
[Site "Struga"]
[Date "2011.08.08"]
[Round "1"]
[White "Gochev, Mladen"]
[Black "Nikoloski, Kire"]
[Result "1/2-1/2"]
[WhiteElo "2292"]
[BlackElo "2130"]
[PlyCount "131"]
[EventDate "2011.08.08"]
[EventType "team-tourn"]
[EventRounds "7"]
[EventCountry "MKD"]
[SourceTitle "CBM 143 Extra"]
[Source "ChessBase"]
[SourceDate "2011.08.29"]
[SourceVersion "1"]
[SourceVersionDate "2011.08.29"]
[SourceQuality "1"]
[WhiteTeam "Kochani"]
[BlackTeam "Prilep"]
[WhiteTeamCountry "MKD"]
[BlackTeamCountry "MKD"]

1. e4 e6 2. d3 d5 3. Nd2 Nf6 4. Ngf3 c5 5. g3 Nc6 6. Bg2 Be7 7. 0-0 b5 8. exd5 exd5 9. a4 bxa4 10. Rxa4 Qb6 11. b3 0-0 12. Bb2 a5 13. Re1 Bb7 14. Nf1 Rfe8 15. Ne3 Nb4 16. d4 cxd4 17. Bxd4 Bc5 18. Bxc5 Qxc5 19. Nd4 Ne4 20. Qa1 Nc3 21. Nef5 Nxa4 22. bxa4 Qf8 23. Rb1 Rab8 24. Qc3 Rbc8 25. Qd2 Ba8 26. c3 Nc6 27. Nb5 Ne5 28. Nfd6 Nc4 29. Qf4 Nxd6 30. Nxd6 Rb8 31. Rd1 Red8 32. Nf5 Rb6 33. Qc7 Rf6 34. Ne7+ Kh8 35. Nxd5 Bxd5 36. Bxd5 Rc8 37. Qxa5 h6 38. c4 Qe7 39. Re1 Qd6 40. Qa7 Qc5 41. Re7 Qxa7 42. Rxa7 Kg8 43. a5 Rc5 44. f3 g5 45. Kf2 Rf5 46. Ke3 Rcxd5 47. cxd5 Rxd5 48. Ke4 Rb5 49. a6 Ra5 50. Kd4 Ra2 51. Kc5 Kg7 52. Kb6 Rb2+ 53. Kc7 Rc2+ 54. Kb8 Ra2 55. Ra8 Rxh2 56. Kb7 Rb2+ 57. Ka7 Rb3 58. Rb8 Rxf3 59. Rb5 Rxg3 60. Kb6 Ra3 61. Ra5 Rb3+ 62. Kc7 Rc3+ 63. Kd7 Rd3+ 64. Kc7 Rc3+ 65. Kd7 Rd3+ 66. Kc7 1/2-1/2

[Event "FRM-ch 17th"]
[Site "Struga"]
[Date "2008.07.19"]
[Round "6"]
[White "Andonovski, Ljubisa"]
[Black "Nikoloski, Kire"]
[Result "1-0"]
[WhiteElo "2300"]
[BlackElo "2118"]
[PlyCount "77"]
[EventDate "2008.07.14"]
[EventType "swiss"]
[EventRounds "9"]
[EventCountry "MKD"]
[SourceTitle "CBM 125 Extra"]
[Source "ChessBase"]
[SourceDate "2008.09.01"]
[SourceVersion "1"]
[SourceVersionDate "2008.09.01"]
[SourceQuality "1"]

1. d4 Nf6 2. c4 e6 3. Nf3 b6 4. Nc3 d5 5. Bg5 Be7 6. g3 c6 7. Bg2 Ba6 8. cxd5 cxd5 9. 0-0 0-0 10. Rc1 h6 11. Bf4 Bd6 12. Ne5 Qe7 13. Re1 g5 14. Bd2 Bb7 15. e4 dxe4 16. Nxe4 Nxe4 17. Bxe4 Bxe4 18. Rxe4 Nd7 19. Nxd7 Qxd7 20. Qh5 f6 21. Qxh6 Rae8 22. Rce1 Re7 23. Qg6+ Rg7 24. Qh5 e5 25. dxe5 fxe5 26. Be3 Qf5 27. Qg4 Qf7 28. b3 Qf6 29. Qd1 Kh8 30. Rc4 Rd8 31. Qh5+ Kg8 32. Qg4 Bc7 33. Rd1 Rxd1+ 34. Qxd1 b5 35. Qd5+ Kh7 36. Qxb5 Qf3 37. Qc6 Qh5 38. Qe4+ Kh8 39. Rxc7 1-0